Statistics for Horrible Histories

Click here to take the quiz!

General Stats

  • This quiz has been taken 52 times
    (38 since last reset)
  • The average score is 11 of 40

Answer Stats

HintAnswer% Correct
15Vile Victorians
97%
4Rotten Romans
93%
12Terrible Tudors
93%
13Slimy Stuarts
87%
14Gorgeous Georgians
83%
5Cut-Throat Celts
70%
19Woeful Second World War
70%
3Groovy Greeks
67%
11Measly Middle Ages
67%
18Frightful First World War
63%
7Vicious Vikings
63%
1Savage Stone Age
60%
9Angry Aztecs
37%
2Awesome Egyptians
30%
10Incredible Incas
30%
6Smashing Saxons
27%
8Stormin' Normans
27%
17Barmy British Empire
13%
20Blitzed Brits
13%
2820th Century
7%
25Cruel Kings and Mean Queens
7%
40Even More Terrible Tudors
7%
21France
7%
16Villainous Victorians
7%
26Dark Knights and Dingy Castles
3%
36Ireland
3%
24London
3%
39More Terrible Tudors
3%
22Scotland
3%
27Wales
3%
38Britain and Ireland
0%
23Crackin' Castles
0%
34Gruesome Guide to Dublin
0%
37Gruesome Guide to Edinburgh
0%
32Gruesome Guide to Oxford
0%
35Gruesome Guide to Stratford-Upon-Avon
0%
33Gruesome Guide to York
0%
29Pirates
0%
31Top 50 Rulers
0%
30Top 50 Villains
0%

Score Distribution

Percentile by Number Answered

Percent of People with Each Score

Your Score History

You have not taken this quiz since the last reset